00388nam a2200157Ia 4500003000900000005001700009008004100026040001200067080001500079100002100094245005100115260000900166300001000175650002200185650002300207IN-BaIIA20221116111155.0211028s9999 xx 000 0 eng d cIIA LIB a524.3bCAM aCameron, A. G. W 0aGalactic and stellar physicscA. G. W. Cameron c1965 a612p. a Stellar physics aGalactic physics